| 000 | 00625nam a2200229 a 4500 | ||
|---|---|---|---|
| 005 | 20210219153433.0 | ||
| 008 | 991125n 000 0 u | ||
| 035 | _aUPN01000099357 | ||
| 100 | _aGolden, Joanne M. | ||
| 222 | _aJOURNAL OF READING BEHAVIOR | ||
| 245 | _aA semiotic perspective of text : the picture story book event | ||
| 300 | _a203-220 | ||
| 362 | _a22, No. 3, 1990 | ||
| 505 | _aEnero 1991 | ||
| 653 | 0 | _aLIBROS DE PINTURAS | |
| 653 | 0 | _aLITERATURA INFANTIL | |
| 653 | 0 | _aRELACION LECTOR-TEXTO | |
| 653 | 0 | _aSEMIOTICA | |
| 700 | _aGerber, Annyce | ||
| 904 |
_aAC _b037168 |
||
| 905 | _aArticulo | ||
| 999 |
_c76782 _d76782 |
||